Die teuersten Fußballtransfers - Innenverteidiger - Saison 2014-2015 - Statistiken

Allgemein
  • Dieses Quiz wurde 25 mal gespielt
  • Das Durchschnittsergebnis liegt bei 5 aus 10
Antwortstatistiken
Ablöse (M €) Nationalität Abgebender Verein Aufnehmender Verein Spieler % Korrekt
49,50 Brasilien FC Chelsea Paris SG David Luiz
90%
28,00 Morocco AS Rom Bayern München Medhi Benatia
81%
25,30 Kroatien Southampton FC Liverpool Dejan Lovren
62%
19,00 Belgien FC Arsenal FC Barcelona Thomas Vermaelen
52%
15,00 Griechenland Olymp. Piräus AS Rom Konstantinos Manolas
48%
20,00 Argentinien Sporting Manchester United Marcos Rojo
43%
45,00 Frankreich FC Porto Manchester City Eliaquim Mangala
38%
17,50 Niederlande Ajax Amsterdam Manchester United Daley Blind
29%
20,23 England Southampton FC Arsenal Calum Chambers
24%
15,00 Brasilien FC Villarreal FC Arsenal Gabriel Paulista
24%
Keine übereinstimmenden Quizze gefunden
Verteilung der Resultate
Anzahl Personen mit jedem Resultat
Perzentil nach korrekt beantworteten Fragen
Ihre Resultats-Entwicklung
Sie haben dieses Quiz noch nicht gespielt